000 00399nam a2200121Ia 4500
008 160712s9999 xx 000 0 und d
100 _aVillasis, Enrique S.
245 _cEnrique S. Villasis
_aManansala
260 _c2014
_bLikhaan: The Journal of Contemporary Philippine Literature
300 _avol. 8
650 _xTULA
856 _uhttp://journals.upd.edu.ph/index.php/lik/issue/view/538/showToc
999 _c297240
_d297240